[Event "Pardubice Czech op-A 24th"]
[Site "Pardubice"]
[Date "2013.07.19"]
[Round "1"]
[White "Grigoriev, Elisey"]
[Black "Smith, Bryan G"]
[Result "0-1"]
[WhiteElo "2235"]
[BlackElo "2456"]
[PlyCount "64"]
[EventDate "2013.07.19"]
[EventType "swiss"]
[EventRounds "9"]
[EventCountry "CZE"]
[SourceTitle "CBM 155 Extra"]
[Source "ChessBase"]
[SourceDate "2013.08.26"]
[SourceVersion "1"]
[SourceVersionDate "2013.08.26"]
[SourceQuality "1"]

1. c4 g6 2. Nc3 Bg7 3. g3 c5 4. Bg2 Nc6 5. Nf3 d6 6. 0-0 Qd7 7. e3 Bxc3 8. bxc3 b6 9. d3 Bb7 10. e4 0-0-0 11. Be3 f5 12. Nd2 Nf6 13. Bg5 Rdf8 14. a4 fxe4 15. Bxf6 exf6 16. Bxe4 f5 17. Bg2 f4 18. Nf3 Rhg8 19. Ng5 Kb8 20. d4 Qf5 21. dxc5 Rd8 22. Qd5 dxc5 23. Qxf5 gxf5 24. Ne6 Rd3 25. Nxf4 Rxc3 26. Rfc1 Rxc1+ 27. Rxc1 Re8 28. Bd5 Nd4 29. Rb1 Ne2+ 30. Nxe2 Bxd5 31. cxd5 Rxe2 32. h4 Rd2 0-1

[Event "Irkutsk Ermolaev Memorial 6th"]
[Site "Irkutsk"]
[Date "2012.08.08"]
[Round "8"]
[White "Bobarykin, Dmitry"]
[Black "Grigoriev, Elisey"]
[Result "1/2-1/2"]
[WhiteElo "2225"]
[BlackElo "2120"]
[PlyCount "80"]
[EventDate "2012.08.01"]
[EventType "swiss"]
[EventRounds "9"]
[EventCountry "RUS"]
[SourceTitle "CBM 149 Extra"]
[Source "ChessBase"]
[SourceDate "2012.08.24"]
[SourceVersion "1"]
[SourceVersionDate "2012.08.24"]
[SourceQuality "1"]

1. Nf3 c5 2. c4 Nf6 3. Nc3 Nc6 4. d4 cxd4 5. Nxd4 g6 6. e4 d6 7. Be2 Nxd4 8. Qxd4 Bg7 9. Be3 0-0 10. Qd2 Be6 11. 0-0 Ng4 12. Bxg4 Bxg4 13. Rac1 Qd7 14. b3 Rfc8 15. f3 Be6 16. Rfd1 Qe8 17. Qf2 Bxc3 18. Rxc3 b5 19. c5 dxc5 20. Bxc5 a5 21. Rcd3 Rd8 22. h3 a4 23. bxa4 Rxd3 24. Rxd3 Rxa4 25. a3 Ra8 26. Qd4 f6 27. f4 Bc4 28. Rd2 Be6 29. f5 gxf5 30. e5 Qf7 31. exf6 exf6 32. Rd3 h6 33. Qf4 Kh7 34. Bb4 Rg8 35. Bd2 Qg6 36. Rg3 Qh5 37. Rxg8 Bxg8 38. Kh2 Bd5 39. Qd6 Qf7 40. Bc3 Qe6 1/2-1/2

[Event "Irkutsk-ch sf"]
[Site "Irkutsk"]
[Date "2012.01.22"]
[Round "3"]
[White "Grigoriev, Elisey"]
[Black "Kuznetsov, Vladimir1111"]
[Result "1/2-1/2"]
[WhiteElo "2106"]
[BlackElo "2001"]
[PlyCount "119"]
[EventDate "2012.01.21"]
[EventType "swiss"]
[EventRounds "9"]
[EventCountry "RUS"]
[SourceTitle "CBM 146 Extra"]
[Source "ChessBase"]
[SourceDate "2012.02.29"]
[SourceVersion "1"]
[SourceVersionDate "2012.02.29"]
[SourceQuality "1"]

1. e4 c6 2. Nc3 d5 3. d4 dxe4 4. Nxe4 Bf5 5. Ng3 Bg6 6. Nf3 Nf6 7. h4 h6 8. Ne5 Bh7 9. Bc4 e6 10. 0-0 Nbd7 11. Qe2 Nxe5 12. dxe5 Nd5 13. h5 Qc7 14. Re1 0-0-0 15. c3 Bc5 16. Ne4 Be7 17. Bxd5 Rxd5 18. Bf4 Bxe4 19. Qxe4 Rhd8 20. Qa4 Kb8 21. Rad1 Ra5 22. Qb3 Rad5 23. Rxd5 Rxd5 24. Rd1 Qd7 25. Rxd5 Qxd5 26. Qxd5 cxd5 27. Be3 b6 28. b4 a5 29. b5 Kb7 30. a4 f6 31. f4 fxe5 32. fxe5 Bd8 33. Kf2 Kc7 34. Kf3 Kd7 35. g4 Ke8 36. g5 hxg5 37. Kg4 Kf7 38. Bxg5 Bc7 39. Kf4 Kf8 40. Bh4 Kf7 41. Bg3 Kg8 42. Kg5 Kh7 43. Bf4 Bd8+ 44. Kg4 Be7 45. Be3 Bd8 46. Bg5 Bc7 47. Kf4 Kg8 48. h6 gxh6 49. Bxh6 Kh7 50. Bg5 Kg6 51. Bf6 Kh5 52. Kg3 Kg6 53. Kg4 Kh6 54. Kh4 Kg6 55. Kg4 Kh6 56. Kf4 Kh5 57. Be7 Kg6 58. Bg5 Kh5 59. Bf6 Kg6 60. Bh4 1/2-1/2

[Event "Angarsk op"]
[Site "Angarsk"]
[Date "2011.10.24"]
[Round "3"]
[White "Alexeev, Sergey"]
[Black "Grigoriev, Elisey"]
[Result "0-1"]
[WhiteElo "2127"]
[BlackElo "2100"]
[PlyCount "76"]
[EventDate "2011.10.23"]
[EventType "swiss"]
[EventRounds "9"]
[EventCountry "RUS"]
[SourceTitle "EXT 2012"]
[Source "ChessBase"]
[SourceDate "2011.11.24"]
[SourceVersion "1"]
[SourceVersionDate "2011.11.24"]
[SourceQuality "1"]

1. e4 e5 2. Nf3 Nf6 3. Nc3 Bb4 4. d3 Nc6 5. a3 Bxc3+ 6. bxc3 d5 7. exd5 Nxd5 8. Bd2 0-0 9. Be2 Qf6 10. 0-0 Nf4 11. Bxf4 Qxf4 12. Re1 Re8 13. Nd2 Bd7 14. Bf3 Rad8 15. Re4 Qh6 16. g3 f5 17. Rh4 Qf6 18. Bd5+ Kh8 19. Qh5 h6 20. Rb1 b6 21. Rc4 Ne7 22. Bg2 c5 23. a4 Be6 24. Rh4 Bf7 25. Qe2 g5 26. Rh3 g4 27. Rh4 Ng6 28. Rxh6+ Kg7 29. Rh5 Nf4 30. gxf4 Bxh5 31. fxe5 Rxe5 32. Qf1 Bf7 33. Qd1 Rde8 34. d4 cxd4 35. cxd4 Re2 36. c3 Qh4 37. Qf1 Rxd2 38. Re1 Bc4 0-1

[Event "Angarsk op"]
[Site "Angarsk"]
[Date "2011.10.23"]
[Round "1"]
[White "Grigoriev, Elisey"]
[Black "Bobarykin, Dmitry"]
[Result "0-1"]
[WhiteElo "2100"]
[BlackElo "2239"]
[PlyCount "88"]
[EventDate "2011.10.23"]
[EventType "swiss"]
[EventRounds "9"]
[EventCountry "RUS"]
[SourceTitle "EXT 2012"]
[Source "ChessBase"]
[SourceDate "2011.11.24"]
[SourceVersion "1"]
[SourceVersionDate "2011.11.24"]
[SourceQuality "1"]

1. e4 c5 2. c3 e6 3. d4 d5 4. e5 Nc6 5. Nf3 Qb6 6. a3 Nh6 7. b4 cxd4 8. Bxh6 gxh6 9. cxd4 Rg8 10. Nc3 Bd7 11. Na4 Qd8 12. g3 f6 13. Bd3 fxe5 14. Nxe5 Nxe5 15. dxe5 Qc7 16. f4 Rc8 17. Qh5+ Kd8 18. Qf7 Bxa4 19. Qxg8 Qc3+ 20. Ke2 Qb2+ 21. Kf3 Kd7 22. f5 Rc3 23. fxe6+ Kc7 24. Qxh7+ Kb6 25. Kg4 Qd2 26. Rhf1 Rxd3 27. Kh3 Qe2 28. Qg6 Be7 29. Rae1 Qc2 30. Qg7 Bg5 31. e7 Bd7+ 32. e6 Bb5 33. Qf8 Rd2 34. Qd8+ Qc7 35. e8Q Bxd8 36. Qf7 Bxf1+ 37. Qxf1 Be7 38. Qg1+ d4 39. Rc1 Qd6 40. Qe1 Rd3 41. a4 a6 42. b5 a5 43. Qe4 Re3 44. Qc2 Qxe6+ 0-1

[Event "Irkutsk Ermolaev Memorial 5th"]
[Site "Irkutsk"]
[Date "2011.08.11"]
[Round "6"]
[White "Grigoriev, Elisey"]
[Black "Okunev, Lev"]
[Result "0-1"]
[WhiteElo "2072"]
[BlackElo "2183"]
[PlyCount "80"]
[EventDate "2011.08.06"]
[EventType "swiss"]
[EventRounds "9"]
[EventCountry "RUS"]
[SourceTitle "CBM 144 Extra"]
[Source "ChessBase"]
[SourceDate "2011.10.28"]
[SourceVersion "1"]
[SourceVersionDate "2011.10.28"]
[SourceQuality "1"]

1. e4 d6 2. d4 g6 3. c4 Bg7 4. Nf3 Bg4 5. Be2 Nc6 6. Be3 Bxf3 7. Bxf3 e5 8. d5 Nd4 9. 0-0 Ne7 10. Be2 f5 11. Nc3 c5 12. dxc6 bxc6 13. c5 dxc5 14. Bc4 f4 15. Bd2 Nc8 16. a3 Rb8 17. Rb1 Nb6 18. Ba2 f3 19. gxf3 Rf8 20. f4 Bh6 21. f3 Bxf4 22. Bxf4 Rxf4 23. b4 cxb4 24. axb4 Qf6 25. Rb2 Rd8 26. Kh1 Nxf3 27. Qe2 Nd4 28. Rxf4 Qxf4 29. Qf2 Nf3 30. Rc2 g5 31. b5 Nd4 32. Qxf4 exf4 33. Rc1 Nxb5 34. Nb1 Nd4 35. Kg2 Ke7 36. Rc5 h6 37. h4 Kd6 38. Ra5 Nb5 39. hxg5 hxg5 40. Kf3 Ke5 0-1

[Event "Irkutsk Ermolaev Memorial 5th"]
[Site "Irkutsk"]
[Date "2011.08.06"]
[Round "1"]
[White "Grigoriev, Elisey"]
[Black "Amosova, Dariya"]
[Result "1-0"]
[WhiteElo "2072"]
[BlackElo "1587"]
[PlyCount "51"]
[EventDate "2011.08.06"]
[EventType "swiss"]
[EventRounds "9"]
[EventCountry "RUS"]
[SourceTitle "CBM 144 Extra"]
[Source "ChessBase"]
[SourceDate "2011.10.28"]
[SourceVersion "1"]
[SourceVersionDate "2011.10.28"]
[SourceQuality "1"]

1. c4 c6 2. Nf3 d5 3. b3 Nf6 4. Bb2 Bg4 5. Ne5 Bf5 6. d3 e6 7. Nd2 Be7 8. g3 Nbd7 9. Nef3 h6 10. Bg2 0-0 11. 0-0 Rc8 12. h3 Ne8 13. e4 Bh7 14. Qe2 Nc5 15. Ne1 dxe4 16. Nxe4 Nxe4 17. dxe4 Qb6 18. Rd1 Rd8 19. Nd3 Bf6 20. Ba3 Bd4 21. Bxf8 Kxf8 22. Kh2 Kg8 23. f4 Nd6 24. c5 Bxc5 25. Nxc5 Qxc5 26. e5 1-0

[Event "Irkutsk-ch op"]
[Site "Irkutsk"]
[Date "2011.04.18"]
[Round "3"]
[White "Khantuev, Alexander"]
[Black "Grigoriev, Elisey"]
[Result "1-0"]
[WhiteElo "2310"]
[BlackElo "2053"]
[PlyCount "97"]
[EventDate "2011.04.16"]
[EventType "swiss"]
[EventRounds "9"]
[EventCountry "RUS"]
[SourceTitle "EXT 2013"]
[Source "ChessBase"]
[SourceDate "2012.11.22"]
[SourceVersion "1"]
[SourceVersionDate "2012.11.22"]
[SourceQuality "1"]

1. e4 e5 2. Nf3 Nc6 3. Bc4 Nf6 4. d3 Be7 5. 0-0 0-0 6. a4 d5 7. exd5 Nxd5 8. Re1 Bg4 9. h3 Bh5 10. g4 Bg6 11. Nxe5 Nxe5 12. Rxe5 Nb6 13. Bb3 Bd6 14. Re1 Qh4 15. Kg2 Rae8 16. Nd2 Bc5 17. Re2 Qf6 18. Ne4 Bxe4+ 19. dxe4 Rd8 20. Qe1 Nd7 21. Qc3 Qe7 22. Bf4 Kh8 23. Bxc7 Rc8 24. Qg3 f5 25. Rd1 fxe4 26. Bd6 Bxd6 27. Qxd6 Qxd6 28. Rxd6 Nc5 29. Bd5 Nxa4 30. Rxe4 Nc5 31. Re7 a5 32. Kg3 g6 33. f4 Rfd8 34. Rxd8+ Rxd8 35. c4 b5 36. g5 bxc4 37. Bxc4 a4 38. h4 Nd3 39. Re2 Nc5 40. h5 gxh5 41. f5 h4+ 42. Kh3 Nd3 43. Bxd3 Rxd3+ 44. Kxh4 h6 45. Kh5 Kg7 46. f6+ Kf8 47. Kxh6 a3 48. bxa3 Rxa3 49. Kg6 1-0

[Event "Irkutsk-ch"]
[Site "Irkutsk"]
[Date "2011.01.06"]
[Round "8"]
[White "Khantuev, Alexander"]
[Black "Grigoriev, Elisey"]
[Result "1-0"]
[WhiteElo "2347"]
[BlackElo "2055"]
[PlyCount "51"]
[EventDate "2010.12.28"]
[EventType "tourn"]
[EventRounds "9"]
[EventCountry "RUS"]
[SourceTitle "CBM 140 Extra"]
[Source "ChessBase"]
[SourceDate "2011.03.01"]
[SourceVersion "1"]
[SourceVersionDate "2011.03.01"]
[SourceQuality "1"]

1. Nf3 d5 2. c4 c6 3. e3 Nf6 4. b3 Bg4 5. Bb2 Nbd7 6. Be2 e6 7. Nc3 Bd6 8. cxd5 exd5 9. Nd4 Bxe2 10. Ncxe2 Ne5 11. Qc2 0-0 12. 0-0 Rc8 13. f4 Ng6 14. Nf5 c5 15. Neg3 Re8 16. Nxg7 Rf8 17. N7f5 d4 18. Qd1 Be7 19. Qf3 Rc6 20. Kh1 Ne8 21. Rae1 Bf6 22. Nh5 Ng7 23. Nhxg7 Bxg7 24. Nxg7 Kxg7 25. f5 Nh4 26. Qg4+ 1-0

[Event "Irkutsk-ch"]
[Site "Irkutsk"]
[Date "2011.01.04"]
[Round "6"]
[White "Ivenin, Vladimir"]
[Black "Grigoriev, Elisey"]
[Result "0-1"]
[WhiteElo "2059"]
[BlackElo "2055"]
[PlyCount "96"]
[EventDate "2010.12.28"]
[EventType "tourn"]
[EventRounds "9"]
[EventCountry "RUS"]
[SourceTitle "CBM 140 Extra"]
[Source "ChessBase"]
[SourceDate "2011.03.01"]
[SourceVersion "1"]
[SourceVersionDate "2011.03.01"]
[SourceQuality "1"]

1. e4 e5 2. Nf3 Nf6 3. Nxe5 d6 4. Nf3 Nxe4 5. Nc3 Nxc3 6. dxc3 Be7 7. Be3 Nc6 8. Qd2 Ne5 9. Be2 Be6 10. 0-0-0 0-0 11. Nd4 Bc4 12. f4 Bxe2 13. Qxe2 Nc6 14. Nf5 Re8 15. g4 Qd7 16. Qd3 Bf8 17. Kb1 Re6 18. h4 Rae8 19. Bd2 a5 20. h5 d5 21. h6 g6 22. Ng7 Bxg7 23. hxg7 Re4 24. Qh3 h5 25. f5 Kxg7 26. Rdg1 Kh7 27. gxh5 gxf5 28. Rf1 Rg4 29. Rh2 Ree4 30. Rhf2 Ne7 31. b3 a4 32. Bc1 axb3 33. axb3 c5 34. Qd3 b5 35. Qd2 Qe6 36. Ba3 b4 37. cxb4 c4 38. bxc4 dxc4 39. Bb2 f6 40. Rd1 c3 41. Bxc3 Qb6 42. Rf3 Re6 43. Qd7 Rge4 44. Rxf5 Rxb4+ 45. Bxb4 Qxb4+ 46. Kc1 Qa3+ 47. Kb1 Ra6 48. c3 Qb3+ 0-1

[Event "Irkutsk Region-ch"]
[Site "Irkutsk"]
[Date "2010.10.23"]
[Round "7"]
[White "Grigoriev, Elisey"]
[Black "Bobarykin, Dmitry"]
[Result "1-0"]
[WhiteElo "2049"]
[BlackElo "2248"]
[PlyCount "115"]
[EventDate "2010.10.17"]
[EventType "tourn"]
[EventRounds "11"]
[EventCountry "RUS"]
[SourceTitle "EXT 2012"]
[Source "ChessBase"]
[SourceDate "2011.11.24"]
[SourceVersion "1"]
[SourceVersionDate "2011.11.24"]
[SourceQuality "1"]

1. e4 e6 2. d4 d5 3. Nc3 Bb4 4. e5 c5 5. a3 Bxc3+ 6. bxc3 Ne7 7. Qg4 Qc7 8. Bd2 cxd4 9. cxd4 Nbc6 10. Bd3 Bd7 11. Nf3 0-0-0 12. 0-0 f5 13. Qf4 h6 14. Bb4 Nxb4 15. axb4 Kb8 16. Nd2 g5 17. Qe3 f4 18. Qe1 Qc3 19. Qc1 Qxd4 20. Qa3 Nc8 21. Nb3 Qc3 22. b5 b6 23. Qa6 f3 24. Rfb1 Qxe5 25. c4 dxc4 26. Bxc4 Qc7 27. Rc1 Qb7 28. Qa3 Rhf8 29. Bd3 Be8 30. Qxf8 Rxd3 31. Qxe8 fxg2 32. Rc6 Qd7 33. Qxd7 Rxd7 34. Rac1 Ne7 35. Rxe6 Nf5 36. Kxg2 Nh4+ 37. Kf1 Rd3 38. Re8+ Kb7 39. Rec8 Rd7 40. Nd4 a6 41. Ne6 axb5 42. R8c7+ Rxc7 43. Rxc7+ Ka6 44. Nd4 Ka5 45. Rc6 Kb4 46. Ke2 h5 47. Nc2+ Kb3 48. Nd4+ Kb4 49. Kd2 g4 50. Nc2+ Kb3 51. Rc3+ Kb2 52. Nd4 Ka2 53. Nxb5 Kb2 54. Nd4 Ng6 55. Rb3+ Ka2 56. Kc2 Ne5 57. Nb5 Nc4 58. Nc3+ 1-0

[Event "Irkutsk Region-ch"]
[Site "Irkutsk"]
[Date "2010.10.22"]
[Round "6"]
[White "Khipkhenov, Igor"]
[Black "Grigoriev, Elisey"]
[Result "1/2-1/2"]
[WhiteElo "2170"]
[BlackElo "2049"]
[PlyCount "111"]
[EventDate "2010.10.17"]
[EventType "tourn"]
[EventRounds "11"]
[EventCountry "RUS"]
[SourceTitle "EXT 2012"]
[Source "ChessBase"]
[SourceDate "2011.11.24"]
[SourceVersion "1"]
[SourceVersionDate "2011.11.24"]
[SourceQuality "1"]

1. Nf3 c5 2. e4 Nc6 3. Bb5 g6 4. Bxc6 dxc6 5. d3 Bg7 6. h3 b6 7. Nc3 Nf6 8. Be3 0-0 9. Qd2 Re8 10. 0-0 Nh5 11. e5 Bh8 12. g4 Ng7 13. Nh2 f5 14. exf6 exf6 15. Rae1 Be6 16. Bf4 Bd5 17. Ne4 Bxe4 18. dxe4 Ne6 19. Be3 Qxd2 20. Bxd2 Rad8 21. Bc1 Ng5 22. Bxg5 fxg5 23. c3 Rd2 24. Rb1 Rxe4 25. Nf3 Rd5 26. Rbe1 Rxe1 27. Rxe1 Bf6 28. Re6 Kf7 29. Rxc6 Rd7 30. Kg2 Ke7 31. a4 Rd6 32. Rc7+ Rd7 33. Rc8 Rd8 34. Rxd8 Kxd8 35. Nd2 Bg7 36. Kf3 Kd7 37. Ke4 Kc6 38. Nf3 Bf6 39. Ne5+ Kd6 40. Nc4+ Kc6 41. f4 gxf4 42. Kxf4 Kd5 43. Ne3+ Ke6 44. g5 Bg7 45. Ke4 h6 46. h4 h5 47. Nc4 Bh8 48. a5 b5 49. Na3 b4 50. Nb5 a6 51. cxb4 cxb4 52. b3 Be5 53. Nd4+ Kd6 54. Nb5+ Ke6 55. Nd4+ Kd6 56. Nb5+ 1/2-1/2

[Event "Sibiria Region-ch"]
[Site "Irkutsk"]
[Date "2010.05.22"]
[Round "9"]
[White "Grigoriev, Elisey"]
[Black "Bobarykin, Dmitry"]
[Result "1/2-1/2"]
[WhiteElo "2051"]
[BlackElo "2248"]
[PlyCount "164"]
[EventDate "2010.05.15"]
[EventType "swiss"]
[EventRounds "9"]
[EventCountry "RUS"]
[SourceTitle "CBM 136 Extra"]
[Source "ChessBase"]
[SourceDate "2010.07.02"]
[SourceVersion "2"]
[SourceVersionDate "2010.07.15"]
[SourceQuality "1"]

1. e4 Nf6 2. e5 Nd5 3. d4 d6 4. Nf3 g6 5. exd6 cxd6 6. Bc4 Nb6 7. Bb3 Bg7 8. 0-0 0-0 9. c3 Nc6 10. Bg5 a5 11. a4 Qc7 12. Na3 Bg4 13. h3 Bxf3 14. Qxf3 Qd7 15. Rfe1 d5 16. Nb5 Rfe8 17. Bf4 Rac8 18. Re2 Bf6 19. Rae1 Red8 20. Be5 Kg7 21. Qg3 Nc4 22. Bxc4 dxc4 23. Bc7 Rf8 24. Be5 Rfd8 25. Bc7 Rf8 26. Be5 Bxe5 27. dxe5 Qe6 28. Qe3 Rfd8 29. Qb6 Rd7 30. Kf1 h5 31. Qe3 Rd3 32. Qf4 Qd5 33. Kg1 Nd8 34. Qh4 Rd2 35. Nd4 Rxe2 36. Rxe2 Ne6 37. Qxe7 Nxd4 38. cxd4 Qxd4 39. Re3 Qd1+ 40. Kh2 Qd8 41. Qxb7 Qc7 42. Qa6 Re8 43. Qf6+ Kg8 44. g3 Re6 45. Qf4 Qb7 46. Rf3 Rxe5 47. Qxe5 Qxf3 48. Qe8+ Kg7 49. Kg1 Qd1+ 50. Kg2 Qd5+ 51. Kg1 Qd4 52. Qb5 Kh7 53. h4 Kg7 54. Kf1 Kf6 55. Qxa5 Qe4 56. Qc3+ Kf5 57. Kg1 Ke6 58. Kf1 Kd5 59. a5 Kc6 60. Qa3 Kb5 61. a6 Qh1+ 62. Ke2 Qe4+ 63. Kd2 Qd4+ 64. Kc1 Qxf2 65. a7 Qe1+ 66. Kc2 Qe4+ 67. Kd2 Qg2+ 68. Kc1 Qh1+ 69. Kc2 Qe4+ 70. Kd1 Qa8 71. Qe7 Qd5+ 72. Kc2 Kb6 73. a8Q Qxa8 74. Qb4+ Kc7 75. Qxc4+ Kd6 76. Qd4+ Ke6 77. Qc4+ Kf6 78. Qf4+ Kg7 79. Qe5+ Kg8 80. Kb3 Qb7+ 81. Kc4 Qa6+ 82. Kc5 Qa7+ 1/2-1/2

[Event "Sibiria Region-ch"]
[Site "Irkutsk"]
[Date "2010.05.15"]
[Round "1"]
[White "Grigoriev, Elisey"]
[Black "Yudin, Sergei"]
[Result "0-1"]
[WhiteElo "2051"]
[BlackElo "2556"]
[PlyCount "100"]
[EventDate "2010.05.15"]
[EventType "swiss"]
[EventRounds "9"]
[EventCountry "RUS"]
[SourceTitle "CBM 136 Extra"]
[Source "ChessBase"]
[SourceDate "2010.07.02"]
[SourceVersion "2"]
[SourceVersionDate "2010.07.15"]
[SourceQuality "1"]

1. e4 d6 2. d4 Nf6 3. Bd3 e5 4. c3 d5 5. exd5 exd4 6. Qa4+ Nbd7 7. Bg5 dxc3 8. Nxc3 Be7 9. 0-0-0 0-0 10. Qc2 Ne5 11. Bf5 h6 12. Bh4 Re8 13. Nf3 Nxf3 14. gxf3 Nh5 15. Bxe7 Qxe7 16. Rhg1 Bxf5 17. Qxf5 Qe5 18. Qxe5 Rxe5 19. Rge1 Rxe1 20. Rxe1 Kf8 21. Re4 Rd8 22. Rb4 b6 23. Rc4 Rd7 24. d6 cxd6 25. Nd5 g6 26. Re4 f5 27. Rc4 Kf7 28. f4 Nf6 29. Nxf6 Kxf6 30. Kd2 Re7 31. Rc6 Ke6 32. Rc8 Kd5 33. Rh8 Re4 34. Rxh6 Rxf4 35. Ke3 Re4+ 36. Kd3 Rg4 37. h3 Rg1 38. h4 Ke5 39. Rh7 Rb1 40. Rxa7 Rxb2 41. Ke3 Rb4 42. Re7+ Kd5 43. Rh7 Ra4 44. Rh6 Ra3+ 45. Kf4 Rxa2 46. Kg3 Ra1 47. Kg2 Ra4 48. Rxg6 Rg4+ 49. Rxg4 fxg4 50. Kg3 b5 0-1

[Event "Irkutsk Anufriev Memorial"]
[Site "Irkutsk"]
[Date "2009.12.12"]
[Round "4"]
[White "Grigoriev, Elisey"]
[Black "Goryachkin, Alexander"]
[Result "1-0"]
[WhiteElo "1980"]
[BlackElo "2064"]
[PlyCount "99"]
[EventDate "2009.12.09"]
[EventType "tourn"]
[EventRounds "11"]
[EventCountry "RUS"]
[SourceTitle "EXT 2012"]
[Source "ChessBase"]
[SourceDate "2011.11.24"]
[SourceVersion "1"]
[SourceVersionDate "2011.11.24"]
[SourceQuality "1"]

1. Nf3 d5 2. d4 e6 3. c4 Nf6 4. Bg5 Be7 5. Nc3 h6 6. Bxf6 Bxf6 7. cxd5 exd5 8. e3 0-0 9. Bd3 Nc6 10. Qb3 Be6 11. 0-0 Qd7 12. Na4 b6 13. Rac1 Na5 14. Qc2 Nc4 15. b3 Na5 16. Qxc7 Qe8 17. Nc3 Rc8 18. Qxa7 Nc6 19. Qa3 Ra8 20. Qb2 Be7 21. a4 Nb4 22. Bb5 Qb8 23. Na2 Na6 24. Ne5 Bd6 25. f4 Qd8 26. f5 Bc8 27. f6 gxf6 28. Nc6 Qe8 29. Qf2 Qe4 30. Nc3 Qe6 31. Qxf6 Qxe3+ 32. Kh1 Ba3 33. Ne5 Bxc1 34. Nxd5 Qxd4 35. Ne7+ Kh7 36. Bd3+ Qxd3 37. Nxd3 Bg5 38. Qc6 Be6 39. Qe4+ Kh8 40. Qe5+ Kh7 41. Nf5 Rg8 42. h4 Bd8 43. Qe4 Ra7 44. Ne7+ Kg7 45. Qd4+ Kh7 46. Nxg8 Rd7 47. Qxd7 Bxd7 48. Rxf7+ Kxg8 49. Rxd7 Bxh4 50. Rd6 1-0

[Event "Sibiria Region-ch"]
[Site "Irkutsk"]
[Date "2009.05.16"]
[Round "9"]
[White "Grigoriev, Elisey"]
[Black "Pivovarov, Alexander"]
[Result "1-0"]
[WhiteElo "2235"]
[BlackElo "2096"]
[PlyCount "71"]
[EventDate "2009.05.10"]
[EventType "swiss"]
[EventRounds "9"]
[EventCountry "RUS"]
[SourceTitle "CBM 130 Extra"]
[Source "ChessBase"]
[SourceDate "2009.07.02"]
[SourceVersion "2"]
[SourceVersionDate "2009.07.15"]
[SourceQuality "1"]

1. e4 e5 2. f4 exf4 3. Nf3 g5 4. Bc4 Bg7 5. 0-0 h6 6. d4 Ne7 7. Nc3 0-0 8. h4 Ng6 9. hxg5 hxg5 10. e5 c6 11. Ne4 g4 12. Nfg5 d5 13. exd6 Bf5 14. Bxf4 Nd7 15. Nxf7 Qe8 16. Neg5 Nb6 17. Nh6+ Kh8 18. Bf7 Qd7 19. Nxf5 Qxf5 20. Be3 Nf4 21. Bxf4 Rxf7 22. Nxf7+ Qxf7 23. Qxg4 Bxd4+ 24. Kh1 Qh7+ 25. Qh3 Bxb2 26. Rae1 Rd8 27. Re7 Qxh3+ 28. gxh3 Nc4 29. Rxb7 Bd4 30. d7 Nb6 31. Bg5 Rxd7 32. Rxd7 Nxd7 33. Rd1 c5 34. c3 Bf6 35. Rxd7 Bxg5 36. Rxa7 1-0